Normal view
MARC view
Entry Topical Term
001 - CONTROL NUMBER
- control field: 44440
003 - CONTROL NUMBER IDENTIFIER
- control field: OSt
005 - DATE AND TIME OF LATEST TRANSACTION
- control field: 20220622114148.0
008 - FIXED-LENGTH DATA ELEMENTS
- fixed length control field: 220622|| aca||aabn | a|a d
040 ## - CATALOGING SOURCE
- Original cataloging agency: OSt
- Transcribing agency: OSt
150 ## - HEADING--TOPICAL TERM
- Topical term or geographic name entry element: Degeneracy in linear programming
670 ## - SOURCE DATA FOUND
- Source citation: Work cat.: (OSt)189072: Sinha, S M. 44437, Mathematical programming: , 2006.